| 000 | 01087cam a22002534a 4500 | ||
|---|---|---|---|
| 001 | 11971999 | ||
| 005 | 20010709085805.0 | ||
| 008 | 000412s2001 maua b 001 0 eng | ||
| 010 | _a 00030524 | ||
| 020 | _a0631221808 (hbk. : alk. paper) | ||
| 020 | _a0631221816 (pbk. : alk. paper) | ||
| 040 |
_aDLC _cDLC _dDLC |
||
| 082 | 0 | 0 |
_a388 _221 _bMCC |
| 100 | 1 |
_aMcCarthy, Patrick S. _928627 |
|
| 245 | 1 | 0 |
_aTransportation economics : _btheory and practice : a case study approach / _cPatrick S. McCarthy. |
| 260 |
_aMalden, Mass. : _bBlackwell Publishers, _c2001. |
||
| 300 |
_axv, 620 p. : _bill. ; _c25 cm. |
||
| 504 | _aIncludes bibliographical references (p. 606-608) and index. | ||
| 650 | 0 |
_aTransportation _vCase studies. _928628 |
|
| 653 |
_bEco _cFebruary2012 |
||
| 942 |
_2ddc _cBB |
||
| 999 |
_c16389 _d16389 |
||